Least Miserable Economies (2017) - Statistics

General Stats
  • This quiz has been taken 40 times
  • The average score is 11 of 13
Answer Stats
2017 Misery Index Hint Country % Correct
3.1 SE Asia Singapore
97%
3.6 East Asia Japan
95%
5.6 East Asia South Korea
95%
6.4 East Asia China
89%
6.3 Oceania New Zealand
86%
6.2 SE Asia Vietnam
86%
6.1 SE Asia Malaysia
84%
5.2 East Asia Taiwan
81%
4.6 Europe Iceland
78%
5.6 Middle East Israel
78%
2.6 SE Asia Thailand
78%
3.6 Europe Switzerland
76%
5.4 Europe Denmark
73%
No matching quizzes found
Score Distribution
Percent of People with Each Score
Percentile by Number Answered
Your Score History
You have not taken this quiz